| 000 | 00583nam a22001697a 4500 | ||
|---|---|---|---|
| 005 | 20251108164656.0 | ||
| 008 | 250721s1989 xx 000 0 ara d | ||
| 082 | 1 | 4 | _a740.0956/بور |
| 100 | 1 | _aبورجوين، ج. | |
| 245 | 1 | 0 |
_aالزخارف الهندسية العربية : 200 لوحة لنماذج و تصاميم : _b200 لوحة لنماذج و تصاميم / |
| 264 | 1 |
_aالقاهره : _bمكتبة مدبولي، _c1989. |
|
| 300 | _a198ص : مص | ||
| 650 | 1 | 7 | _aالفنون الإسلامية |
| 650 | 1 | 7 | _aالزخرفة |
| 942 |
_2ddc _cBK |
||
| 999 |
_c11571 _d11571 |
||